000 00712nam a2200181Ia 4500
008 090630s9999 xx 000 0 und d
082 _b1745
100 _aडॉ. मिराशी वा. वि.
245 _aसंशोधन मुक्तावली भाग -3.
_cडॉ. मिराशी वा. वि.
260 _bविदर्भ संशोधन.
_c1969
300 _a220
600 _aडॉ. मिराशी वा. वि.
630 _aसंशोधन मुक्तावली भाग -3.
655 _aइतर.
700 _aडॉ. मिराशी वा. वि.
730 _aसंशोधन मुक्तावली भाग -3.
942 _cBOOK
999 _c253601
_d253601